000 00537nam a2200169 i 4500
001 43891
003 ES-MaACL
005 20230906160912.0
007 t|
008 030320s1967 sp ||||1| spa d
100 1 _aCiari, Bruno.
_938739
245 1 0 _aNuevas técnicas didácticas /
_cBruno Ciari ; [traducido del italiano por Mª Isabel Salvador].
260 _aMadrid, etc. :
_bEdiciones Iberoamericanas,
_c[1967]
300 _a354 p. ;
_c17 cm.
700 1 _aSalvador, María Isabel.
_9102077
852 _aES-MaACL
_jC-34293
_bR.64800
999 _c43891
_d43891